Quizzes
Events
Quiz Creation
Community
Videos
Private Events
Remove Ads
Sign In
Join for FREE
Feedback
Dark Mode
Quiz Categories
Sports
Geography
Music
Movies
Television
Just For Fun
Miscellaneous
History
Literature
Language
Science
Gaming
Entertainment
Religion
Holiday
For Kids
Quiz Lab
Recent
Popular Today
Quiz Kudos Today
Editor Picks
Curator Picks
Quizzes by...
Day
Popularity
Type
Ratings
Length
Year
Community
Subscriptions
Recent Discussions
Orange Saloon
Badges
Playlists
Quests
Create
Leaderboards
Showdown
Live 5
Trivia Bingo
Activity
Puzzle Library
Sporcle Events
Private Events
Virtual Trivia
Globe League
Become a Host
Pub Owners
SporcleCon
Opinionation
Our Games
Videos
Blog
Mobile Apps
Partnerships
Remove Ads and Go Orange
Feedback
Sports
Athletes
MLB
NBA
NHL
NFL
Soccer
Sports Teams
WWE
NCAA
Football
Premier League
Basketball
Baseball
Hockey
Golf
Tennis
Cricket
Rugby
Auto Racing
Olympics
World Cup
Sports
Athletes
MLB
NBA
NHL
NFL
Soccer
Sports Teams
WWE
NCAA
Football
Premier League
Basketball
Baseball
Hockey
Golf
Tennis
Cricket
Rugby
Auto Racing
Olympics
World Cup
Random Quiz
Search Sporcle
×
Quiz Lab
Quiz Lab
Sports
NRL Grand
Type in answers that appear in a list
Type in answers that appear in a list
Classic
Best Score? Go Orange.
Wests Tigers - Team of the Century Stats
Can you name the Wests Tigers - Team of the Century?
By
blake_nrl
7m
18 Questions
74 Plays
74 Plays
74 Plays
Comments
Comments
Give Quiz Kudos
Give Quiz Kudos
-
- Ratings
hide this ad
More Info
Replay
Link that replays current quiz
Next Quiz
Link to next quiz in quiz playlist
You Got
0%
They Got
Avg Score
29%
Avg Friend Score
Upgrade to see
Score Distribution
Jump to the score distribution portion of the page
Score
0/18
Timer
07:00
0
Plays Today
Position
Player
% Correct
Prop
Steve Roach
78.1%
Hooker
Ben Elias
78.1%
Second Row
Paul Sironen
71.2%
Lock
Wayne Pearce
67.1%
Interchange
Tom Raudonikis
42.5%
Fullback
Keith Barnes
37%
Prop
Noel Kelly
32.9%
Centre
Harry Wells
19.2%
Halfback
Keith Holman
19.2%
Position
Player
% Correct
Second Row
Arthur Beetson
17.8%
Wing
Peter Dimond
12.3%
Coach
Norm Robinson
12.3%
Five-
Eighth
Vic Hey
11%
Interchange
Kel O'Shea
11%
Interchange
Harry Bath
8.2%
Interchange
Jim Craig
6.8%
Centre
Charles Fraser
5.5%
Wing
Alan Ridley
5.5%
Quiz Playlist
Details
Report
Send in Message
Add To Playlist
More Info:
This team was made in 2004 consisting of players from both the Balmain Tigers and Western Suburbs Magpies
Classic:
Type in answers that appear in a list
Last Updated: Feb 16, 2017
Quiz Scoreboard
CHALLENGE
Sign Up to Join the Scoreboard
Show All
Scores
Hide
Comments
May contain spoilers
Recently Published
Movies - When Are They Set?
by FPL_Elf
Movies
5m
Popular People in 1961
by mucciniale
History
6m
1-10 Letter E Words III
by El_Dandy
Language
2m
More to Explore
Quiz From the Vault
Featured Blog Post
Where Did the Easter Bunny Come From?
hide this ad
You Might Also Like...
Tags
nrl
NRL Grand
NRL NSWRL
NRL Premiers
NRL Premiership
NRL Teams
Sports Champions
Today's Top Quizzes in Sports
Browse Sports
hide this ad
Top Contributed Quizzes in Sports
1
Les meilleurs buteurs des matchs entre le PSG et l’OM
2
FIFA Club World Cup Champions
3
Les entraîneurs de l'OM et du PSG au 21e siècle
4
2022 World Cup Stars
5
Name the Premier League winners with different clubs
6
La finale Lions - Afrique du Sud 2021
7
Criteria MLB: Left Handed Sluggers
8
Les joueurs passés par le LOSC et le RC Lens
9
Players with Multiple 50 Home Run Seasons
10
MLB Players with Two .350 Batting Average Seasons
Explore More
Trending Topics
Crossword
Kpop
Disney
NBA
Harry Potter
Marvel
Anime
The Office
Song
Pokémon
Country
Soccer
Puzzle
NFL
WWE
hide this ad
More By:
blake_nrl
Quiz
Plays
Rating
Category
Featured
Created
Most Wrestlemania Matches
6,345
4.53
Sports
Jun 9, 2013
NRL Teams by their Home Grounds
1,505
3.00
Sports
Jun 4, 2013
All-Time Greatest World Cup XI
1,330
2.60
Sports
Oct 20, 2014
All-Time Greatest Chelsea XI
1,322
3.00
Sports
Oct 20, 2014
Top Villains in WWE History
868
2.67
Sports
May 11, 2014
Go to Creator's Profile
Score Distribution
Quiz Creator Spotlight
blake_nrl
Follow
Send a Message
Quizzes Created
-
Created Quiz Play Count
-
More By This Creator
Popular Quizzes Today
1
Find the Countries of Europe - No Outlines Minefield
2
Find the US States - No Outlines Minefield
3
The Countries of the World
4
Popular People in 1961
5
1-10 Letter E Words III
6
US States
7
Find the US States
8
One Thing in Common: World Cities II
More Sports Quizzes
WWE: WrestleMania 38 Match Card
Quiz Lab
Trending Quizzes
Risky Map Clicking: Least Populous States A-Z
1-10 Letter F Words
Humor Books: The Subtitles
1-10 Letter G Words
One Thing in Common: United Kingdom
Recently Updated
Leaping Animals
pecheneg
Reality TV Shows (A-Z)
bhenderson79
Rickey Henderson's Hall of Fame Teammates
pecheneg
Champions League XIs: Arsenal
pecheneg
Quick Pick: Celebrities in WWE's Hall of Fame
aduchscher
A-Z Keypad Blitz II
pecheneg
Multiple Oscar Actors
pecheneg
Mystery Phrase Blitz: Oscar 'Best Actors'
pecheneg
F. Scott Fitzgerald Novels
LTH
Pick 3 Villains
ddd62291
Trending Topics
Harry Potter
Disney
Kpop
Crossword
Marvel
NBA
Anime
WWE
Pokémon
Puzzle
The Office
NFL
Soccer
Country
Song
Your Account Isn't Verified!
In order to create a playlist on Sporcle, you need to verify the email address you used during registration. Go to your
Sporcle Settings
to finish the process.
Report this User
Report this user for behavior that violates our
Community Guidelines
.
Details:
Send Report
Go to the Sporcle.com Mobile Site →
Comments